书目信息 |
| 题名: |
流体力学与流体机械
|
|
| 作者: | 崔丽琴 , 罗建国 主编 | |
| 分册: | ||
| 出版信息: | 北京 煤炭工业出版社 2017.6 |
|
| 页数: | 197页 | |
| 开本: | 26cm | |
| 丛书名: | ||
| 单 册: | ||
| 中图分类: | O35 , TH3 | |
| 科图分类: | ||
| 主题词: | 流体力学--高等学校--教材 , 流体机械--高等学校--教材 | |
| 电子资源: | ||
| ISBN: | 978-7-5020-5796-1 | |
| 000 | 01161nam0 2200277 450 | |
| 001 | 0400002349 | |
| 005 | 20171020172513.0 | |
| 010 | @a978-7-5020-5796-1@dCNY31.00 | |
| 100 | @a20170905e2017 em y0chiy50 ea | |
| 101 | 0 | @achi |
| 102 | @aCN@b110000 | |
| 105 | @ay z 000yy | |
| 106 | @ar | |
| 200 | 1 | @a流体力学与流体机械@9liu ti li xue yu liu ti ji xie@f崔丽琴,罗建国主编 |
| 210 | @a北京@c煤炭工业出版社@d2017.6 | |
| 215 | @a197页@d26cm | |
| 300 | @a高等院校规划教材 | |
| 330 | @a本书包括流体力学与流体机械两部分内容。流体力学部分详细阐述了流体力学的基本理论及其工程应用,主要包括流体静力学、流体动力学、黏性流体运动阻力与水头损失,孔口、管嘴出流,有压管路和明渠均匀流及相似原理与量纲分析;流体机械部分介绍常见泵与风机的分类、结构、原理及选型,重点介绍了离心式泵与风机的基本理论、设备性能、运行与调节等。本书针对基本理论每章附有例题和复习思考题,计算题部分书末附有参考答案。 | |
| 606 | 0 | @a流体力学@x高等学校@j教材 |
| 606 | 0 | @a流体机械@x高等学校@j教材 |
| 690 | @aO35@v5 | |
| 690 | @aTH3@v5 | |
| 701 | 0 | @a崔丽琴@9cui li qin@4主编 |
| 701 | 0 | @a罗建国@9luo jian guo@4主编 |
| 801 | 0 | @aCN@b91MARC@c20171020 |
| 905 | @b1026891-5@dO35@f5@e68 | |
| 流体力学与流体机械/崔丽琴,罗建国主编.-北京:煤炭工业出版社,2017.6 |
| 197页;26cm |
| 高等院校规划教材 |
| ISBN 978-7-5020-5796-1:CNY31.00 |
| 本书包括流体力学与流体机械两部分内容。流体力学部分详细阐述了流体力学的基本理论及其工程应用,主要包括流体静力学、流体动力学、黏性流体运动阻力与水头损失,孔口、管嘴出流,有压管路和明渠均匀流及相似原理与量纲分析;流体机械部分介绍常见泵与风机的分类、结构、原理及选型,重点介绍了离心式泵与风机的基本理论、设备性能、运行与调节等。本书针对基本理论每章附有例题和复习思考题,计算题部分书末附有参考答案。 |
| ● |
| 相关链接 |
|
|
|
|
正题名:流体力学与流体机械
索取号:O35/68
 
预约/预借
| 序号 | 登录号 | 条形码 | 馆藏地/架位号 | 状态 | 备注 |
| 1 | 1026891 | 210268912 | 第二样本阅览室/ [索取号:O35/68] | 在馆 | |
| 2 | 1026892 | 210268921 | 密集书库-数信学院/ [索取号:O35/68] | 在馆 | |
| 3 | 1026893 | 210268930 | 第三借阅区/ [索取号:O35/68] | 在馆 | |
| 4 | 1026894 | 210268949 | 第三借阅区/ [索取号:O35/68] | 在馆 | |
| 5 | 1026895 | 210268958 | 第三借阅区/ [索取号:O35/68] | 在馆 |